Delineation of contributing areas to selected public-supply wells, Western Cape Cod, Massachusetts /

Bibliographic Details
Main Authors: Masterson, John P. (Author), Walter, Donald A. (Author), LeBlanc, Denis R. (Author)
Corporate Author: Air Force Center for Environmental Excellence (U.S.)
Format: Government Document eBook
Language:English
Published: Marlborough, Massachusetts : U.S. Department of the Interior, U.S. Geological Survey, 1998.
Series:Water-resources investigations report ; 98-4237.
Subjects:
Online Access:https://purl.fdlp.gov/GPO/gpo159049

MARC

Tag First Indicator Second Indicator Subfields
LEADER 00000cam a2200000 i 4500
001 in00004369708
005 20211216121113.0
006 m o d f
007 cr m||||||||||
008 101115s1998 maub ob f000 0 eng c
019 |a 623000790  |a 667891668  |a 984766086 
035 |a (OCoLC)ocn681417897 
042 |a pcc 
043 |a n-us-ma 
040 |a OCLCE  |b eng  |e rda  |e pn  |c OCLCE  |d OCLCQ  |d OCLCF  |d OCLCO  |d OCLCQ  |d COP  |d GPO  |d MvI 
049 |a WWW 
074 |a 0624-B-05 (online) 
086 0 |a I 19.42/4:98-4237 
100 1 |a Masterson, John P.,  |e author. 
245 1 0 |a Delineation of contributing areas to selected public-supply wells, Western Cape Cod, Massachusetts /  |c by John P. Masterson, Donald A. Walter, and Denis R. Leblanc ; prepared in cooperation with the Air Force Center for Environmental Excellence. 
264 1 |a Marlborough, Massachusetts :  |b U.S. Department of the Interior, U.S. Geological Survey,  |c 1998. 
300 |a 1 online resource (v, 45 pages) :  |b maps (some color). 
336 |a text  |b txt  |2 rdacontent 
337 |a computer  |b c  |2 rdamedia 
338 |a online resource  |b cr  |2 rdacarrier 
490 1 |a Water-resources investigations report ;  |v 98-4237 
588 |a Description based on online resource; title from PDF title page (USGS, viewed Aug. 17, 2021). 
504 |a Includes bibliographical references (pages 39-40). 
650 0 |a Groundwater flow  |z Massachusetts  |z Cape Cod. 
650 0 |a Water-supply  |z Massachusetts  |z Cape Cod. 
650 7 |a Groundwater flow.  |2 fast  |0 (OCoLC)fst00948337 
650 7 |a Water-supply.  |2 fast  |0 (OCoLC)fst01172350 
651 7 |a Massachusetts  |z Cape Cod.  |2 fast  |0 (OCoLC)fst01243977 
700 1 |a Walter, Donald A.,  |e author. 
700 1 |a LeBlanc, Denis R.,  |e author. 
710 2 |a Geological Survey (U.S.),  |e issuing body. 
710 2 |a Air Force Center for Environmental Excellence (U.S.) 
776 0 8 |i Print version:  |a Masterson, John P.  |t Delineation of contributing areas to selected public-supply wells, Western Cape Cod, Massachusetts  |w (DLC) 99166106  |w (OCoLC)40852608 
830 0 |a Water-resources investigations report ;  |v 98-4237. 
856 4 0 |u https://purl.fdlp.gov/GPO/gpo159049  |t 0 
999 f f |s 2572cab2-692f-3617-b06c-9ed9f8daf96d  |i 1ffd1e36-0617-3dbd-98b9-3e1e641da5c6  |t 0 
952 f f |a Texas A&M University  |b College Station  |c Electronic Resources  |d Available Online  |t 0  |e I 19.42/4:98-4237  |h Superintendent of Documents classification 
998 f f |a I 19.42/4:98-4237  |t 0  |l Available Online